| 000 | 00546nam a22001937a 4500 | ||
|---|---|---|---|
| 003 | OSt | ||
| 005 | 20160815133306.0 | ||
| 008 | 160815b xxu||||| |||| 00| 0 eng d | ||
| 020 | _a1852332832 | ||
| 040 | _cDDC. | ||
| 082 | _a006.7SLO 2001: | ||
| 100 |
_aSloane,Andy;Lawrence,Dave; _910650 |
||
| 245 |
_aMultimedia Internet Broadcasting. _bQuality Technology and Interface; |
||
| 260 |
_aLondon. _bSpringer; _c2001. |
||
| 300 |
_axviii,233p; _bill; _c25cm. |
||
| 504 | _aincludes index. | ||
| 650 |
_aBroadcasting. _910651 |
||
| 942 |
_2ddc _cO_SHELF |
||
| 999 |
_c4976 _d4976 |
||